Statistics for Countries: Random City to Country #3

Click here to take the quiz!

General Stats

  • This quiz has been taken 56 times
  • The average score is 9 of 15

Answer Stats

PopulationCityRankCountry% Correct
5,143,495Lahore2.Pakistan
90%
157,452Heraklion4.Greece
90%
3,276,815İzmir3.Turkey
85%
207 857Guantánamo5.Cuba
85%
1,518 651Daejeon5.South Korea
79%
1,154,116Omsk7.Russia
79%
1,655,015Ecatepec2.Mexico
77%
230,000Hamilton4.New Zealand
67%
270,416Espoo (Esbo)2.Finland
64%
324,576Cluj-Napoca2.Romania
59%
17,915Akureyri4.Iceland
54%
271,428Sousse3.Tunisia
41%
315,019San Miguelito2.Panama
38%
821,618Jos6.Nigeria
23%
151,320Wau3.South Sudan
8%

Score Distribution

Percentile by Number Answered

Percent of People with Each Score

Your Score History

You have not taken this quiz